[Event "Stuttgart-chA int"]
[Site "Gerlingen"]
[Date "2011.06.04"]
[Round "7"]
[White "Braeuner, Uwe"]
[Black "Jehle, Anja"]
[Result "1-0"]
[WhiteElo "2122"]
[BlackElo "1934"]
[PlyCount "62"]
[EventDate "2011.06.02"]
[EventType "swiss"]
[EventRounds "7"]
[EventCountry "GER"]
[SourceTitle "EXT 2018"]
[Source "ChessBase"]
[SourceDate "2017.10.13"]
[SourceVersion "1"]
[SourceVersionDate "2017.10.13"]
[SourceQuality "1"]

1. d4 Nf6 2. Nf3 g6 3. Bg5 Bg7 4. Nbd2 d5 5. e3 Bf5 6. Be2 c6 7. 0-0 0-0 8. c3 h6 9. Bh4 Nbd7 10. a4 c5 11. a5 b6 12. a6 g5 13. Bg3 Nh5 14. Ne5 Nxg3 15. fxg3 e6 16. Nc6 Qe8 17. Bb5 f6 18. Qa4 Qf7 19. Rae1 Be4 20. Nxe4 dxe4 21. d5 exd5 22. Rf5 Kh8 23. Rd1 d4 24. cxd4 cxd4 25. Qxd4 Ne5 26. Qxe4 Qb3 27. Ba4 Qxb2 28. Rxe5 fxe5 29. Bc2 Kg8 30. Qh7+ Kf7 31. Qg6+ Kg8 1-0

[Event "Stuttgart-chA int"]
[Site "Gerlingen"]
[Date "2011.06.04"]
[Round "6"]
[White "Jehle, Anja"]
[Black "Bodrozic, Tomislav"]
[Result "1-0"]
[WhiteElo "1934"]
[BlackElo "2104"]
[PlyCount "81"]
[EventDate "2011.06.02"]
[EventType "swiss"]
[EventRounds "7"]
[EventCountry "GER"]
[SourceTitle "EXT 2018"]
[Source "ChessBase"]
[SourceDate "2017.10.13"]
[SourceVersion "1"]
[SourceVersionDate "2017.10.13"]
[SourceQuality "1"]

1. d4 Nf6 2. c4 g6 3. Nc3 Bg7 4. e4 d6 5. f3 0-0 6. Be3 c5 7. dxc5 dxc5 8. Qxd8 Rxd8 9. Bxc5 Nc6 10. Nd5 Nd7 11. Bxe7 Nxe7 12. Nxe7+ Kf8 13. Nd5 b5 14. cxb5 Nb6 15. Nc3 Be6 16. Nh3 Rac8 17. Be2 Rxc3 18. bxc3 Bxc3+ 19. Kf2 Bd4+ 20. Kg3 Bxa1 21. Rxa1 Rd2 22. Nf4 Bxa2 23. h4 Ke7 24. Bf1 Kd6 25. Rc1 h6 26. Rc6+ Ke7 27. Rc7+ Rd7 28. Rc2 Bb3 29. Rc3 Ba4 30. Ra3 Rd4 31. Rc3 Kd6 32. Rc6+ Kd7 33. Nd3 Ke7 34. Ne5 Rd6 35. Rc7+ Kf6 36. Nxf7 Rd1 37. Kf2 Nd7 38. Nxh6 Ne5 39. Rxa7 Bb3 40. b6 Rd2+ 41. Kg3 1-0

[Event "GER-chT U20 Girls"]
[Site "Magdeburg"]
[Date "2010.12.27"]
[Round "1.2"]
[White "Jehle, Anja"]
[Black "Bachem, Lisa"]
[Result "1-0"]
[WhiteElo "1851"]
[BlackElo "1487"]
[PlyCount "93"]
[EventDate "2010.12.27"]
[EventType "team-swiss"]
[EventRounds "7"]
[EventCountry "GER"]
[SourceTitle "CBM 140 Extra"]
[Source "ChessBase"]
[SourceDate "2011.03.01"]
[SourceVersion "1"]
[SourceVersionDate "2011.03.01"]
[SourceQuality "1"]
[WhiteTeam "Ingersheim"]
[BlackTeam "Fritzdorf"]
[WhiteTeamCountry "GER"]
[BlackTeamCountry "GER"]

1. d4 d5 2. c4 e6 3. Nc3 Nf6 4. Bg5 Be7 5. Nf3 Nbd7 6. e3 c6 7. Bd3 dxc4 8. Bxc4 b5 9. Bb3 0-0 10. 0-0 Bb7 11. Rc1 a6 12. Qe2 Rc8 13. Rfd1 c5 14. Ne5 c4 15. Bc2 Nd5 16. Bxe7 Nxe7 17. Ne4 f6 18. Nxd7 Qxd7 19. Nc5 Qc6 20. e4 Rcd8 21. b3 e5 22. Nxb7 Qxb7 23. d5 Qc8 24. bxc4 Qxc4 25. Qxc4 bxc4 26. Ba4 Rc8 27. d6 Ng6 28. d7 Rcd8 29. Rxc4 Ne7 30. Rc7 Kf7 31. h4 f5 32. Rd6 g6 33. Bb3+ Kg7 34. Re6 Ng8 35. Rxe5 fxe4 36. Rxe4 Nf6 37. Rd4 Kh6 38. Ra7 Kg7 39. Rxa6 h5 40. f3 Kh6 41. a4 Rxd7 42. Rxd7 Nxd7 43. Bc2 Rg8 44. a5 Nc5 45. Rc6 Nb7 46. a6 Na5 47. Rc5 1-0

[Event "Stuttgart-chA int"]
[Site "Ditzingen"]
[Date "2010.05.14"]
[Round "3"]
[White "Mayer, Dietmar"]
[Black "Jehle, Anja"]
[Result "0-1"]
[WhiteElo "1851"]
[BlackElo "1953"]
[PlyCount "96"]
[EventDate "2010.05.13"]
[EventType "swiss"]
[EventRounds "7"]
[EventCountry "GER"]
[SourceTitle "EXT 2018"]
[Source "ChessBase"]
[SourceDate "2017.10.13"]
[SourceVersion "1"]
[SourceVersionDate "2017.10.13"]
[SourceQuality "1"]

1. d4 Nf6 2. Nf3 g6 3. Nc3 Bg7 4. e4 d6 5. Be3 Nbd7 6. Qd2 Ng4 7. Bg5 h6 8. Bh4 c5 9. h3 cxd4 10. Nxd4 Nge5 11. f4 Nc6 12. Bf2 a6 13. Be2 Nxd4 14. Bxd4 e5 15. Be3 Qh4+ 16. Bf2 Qxf4 17. Qxd6 Qf6 18. Qb4 Bf8 19. Qa4 Qc6 20. Bb5 axb5 21. Qxa8 Bb4 22. 0-0 Bxc3 23. bxc3 0-0 24. Qa5 Nf6 25. Qb6 Nxe4 26. Qxc6 bxc6 27. Rfe1 f5 28. Re3 Be6 29. a4 bxa4 30. Rxa4 Rd8 31. Rd3 Rxd3 32. cxd3 Nxc3 33. Ra8+ Kf7 34. Kf1 Bd5 35. Ra7+ Kf6 36. Bc5 g5 37. Be7+ Kg6 38. Bd6 e4 39. dxe4 Nxe4 40. Ke2 Nxd6 41. Rd7 Ne4 42. Ke3 Nc5 43. Rd6+ Kh5 44. g4+ fxg4 45. hxg4+ Kxg4 46. Rxh6 Kf5 47. Rh5 Ne6 48. Rh1 Bxh1 0-1

[Event "GER-ch U18 Girls"]
[Site "Willingen"]
[Date "2007.05.30"]
[Round "7"]
[White "Jehle, Anja"]
[Black "Zemella, Jennifer"]
[Result "0-1"]
[WhiteElo "1893"]
[BlackElo "1962"]
[PlyCount "90"]
[EventDate "2007.05.26"]
[EventType "swiss"]
[EventRounds "9"]
[EventCountry "GER"]
[SourceTitle "CBM 118 Extra"]
[Source "ChessBase"]
[SourceDate "2007.07.04"]
[SourceVersion "1"]
[SourceVersionDate "2007.07.04"]
[SourceQuality "1"]

1. d4 g6 2. c4 Bg7 3. Nc3 c5 4. d5 Bxc3+ 5. bxc3 f5 6. Qc2 Nf6 7. f3 Qa5 8. Bf4 d6 9. Bg3 Nbd7 10. Rb1 Nb6 11. Rb5 Qa4 12. Qxa4 Nxa4 13. Kd2 Nb6 14. e3 Bd7 15. Rb2 0-0-0 16. Nh3 e5 17. Be2 h6 18. Rhb1 Rhf8 19. a4 Bxa4 20. Ra2 Nfd7 21. e4 Kc7 22. Kc1 Ra8 23. Kb2 Nf6 24. exf5 gxf5 25. Rba1 Bd7 26. Rxa7 Rxa7 27. Rxa7 f4 28. Bh4 Bxh3 29. gxh3 Rg8 30. Bd3 Rg2+ 31. Kb3 Rd2 32. Bf5 Nfd7 33. Bxd7 Nxd7 34. Ra8 Nb8 35. Be7 Nc6 36. dxc6 bxc6 37. Rd8 d5 38. cxd5 cxd5 39. Rh8 Rd3 40. Bxc5 d4 41. Bb4 Rxf3 42. Rxh6 e4 43. Re6 Re3 44. h4 f3 45. Kc4 f2 0-1

[Event "GER-ch U18 Girls"]
[Site "Willingen"]
[Date "2007.05.27"]
[Round "2"]
[White "Jehle, Anja"]
[Black "Zikeli, Saskia"]
[Result "0-1"]
[WhiteElo "1893"]
[BlackElo "2044"]
[PlyCount "94"]
[EventDate "2007.05.26"]
[EventType "swiss"]
[EventRounds "9"]
[EventCountry "GER"]
[SourceTitle "CBM 118 Extra"]
[Source "ChessBase"]
[SourceDate "2007.07.04"]
[SourceVersion "1"]
[SourceVersionDate "2007.07.04"]
[SourceQuality "1"]

1. d4 Nf6 2. c4 g6 3. Nc3 Bg7 4. e4 d6 5. f3 0-0 6. Be3 c5 7. Nge2 Qa5 8. g4 Nc6 9. h4 h5 10. gxh5 Nxh5 11. Qd2 cxd4 12. Nxd4 Ne5 13. Be2 Ng3 14. Rg1 Nxe2 15. Qxe2 Qb4 16. h5 Qxc4 17. h6 Bf6 18. Rd1 Bh4+ 19. Kd2 Qxe2+ 20. Kxe2 b6 21. b4 Bb7 22. Nf5 Bf6 23. Bg5 Bxg5 24. Rxg5 Rfe8 25. f4 Nc4 26. Rh1 Kh7 27. Nh4 Rac8 28. Kd3 a6 29. Rh2 Rc7 30. Nf3 Rec8 31. Nd5 Bxd5 32. Rxd5 f6 33. Nd4 b5 34. Ne6 Rc6 35. Nd4 R6c7 36. Ne6 Rb7 37. Ke2 Nb6 38. Rd2 Na4 39. Rh3 Rb6 40. Nd4 Rb7 41. Ne6 Nb6 42. e5 Nc4 43. Rd1 dxe5 44. fxe5 Nxe5 45. Rd5 Nd7 46. a3 Nf8 47. Nc5 Ra7 0-1

[Event "GER-ch U16 Girls"]
[Site "Willingen"]
[Date "2006.06.04"]
[Round "2"]
[White "Zikeli, Saskia"]
[Black "Jehle, Anja"]
[Result "1-0"]
[WhiteElo "1985"]
[BlackElo "1834"]
[PlyCount "67"]
[EventDate "2006.06.03"]
[EventType "swiss"]
[EventRounds "9"]
[EventCountry "GER"]
[SourceTitle "EXT 2007"]
[Source "ChessBase"]
[SourceDate "2006.11.23"]
[SourceVersion "1"]
[SourceVersionDate "2006.11.23"]
[SourceQuality "1"]

1. e4 c5 2. Nf3 d6 3. d4 cxd4 4. Nxd4 Nf6 5. Nc3 a6 6. Bg5 e6 7. f4 Be7 8. Qf3 Qc7 9. 0-0-0 0-0 10. g4 Nbd7 11. Bxf6 Nxf6 12. g5 Nd7 13. h4 b5 14. Bd3 Nc5 15. f5 Re8 16. g6 fxg6 17. fxg6 Rf8 18. gxh7+ Kh8 19. Qg2 Bb7 20. Qg4 b4 21. Nce2 Rac8 22. Kb1 Qd7 23. Rhg1 Bd8 24. Nf4 Rxf4 25. Qxf4 Bf6 26. Nf3 Qc7 27. Rd2 Bc3 28. bxc3 bxc3 29. Rdg2 Qb6+ 30. Kc1 Qb2+ 31. Kd1 Nxd3 32. Qg5 Qb1+ 33. Ke2 Qxc2+ 34. Ke3 1-0

[Event "Stuttgart-chA int"]
[Site "Ditzingen"]
[Date "2006.05.28"]
[Round "7"]
[White "Jehle, Anja"]
[Black "Braun, Joachim"]
[Result "0-1"]
[WhiteElo "1834"]
[BlackElo "1993"]
[PlyCount "116"]
[EventDate "2006.05.25"]
[EventType "swiss"]
[EventRounds "7"]
[EventCountry "GER"]
[SourceTitle "EXT 2018"]
[Source "ChessBase"]
[SourceDate "2017.10.13"]
[SourceVersion "1"]
[SourceVersionDate "2017.10.13"]
[SourceQuality "1"]

1. d4 d5 2. c4 Nc6 3. Nf3 Bg4 4. e3 e5 5. dxe5 dxc4 6. Qxd8+ Rxd8 7. Bxc4 Nxe5 8. Be2 Nd3+ 9. Bxd3 Rxd3 10. Nbd2 Rd8 11. h3 Bc8 12. b3 b6 13. Bb2 Ne7 14. 0-0 Nd5 15. Nc4 Be7 16. Rfd1 0-0 17. Rac1 c5 18. Rd2 Nb4 19. Rcd1 Rxd2 20. Rxd2 Nxa2 21. Bxg7 Kxg7 22. Rxa2 b5 23. Nce5 a6 24. Kf1 Bb7 25. Ke2 Rd8 26. e4 Bxe4 27. Rxa6 Bd5 28. Rb6 f6 29. Ng4 Bxb3 30. Nd2 Ba4 31. Rb7 Kf8 32. Nh6 b4 33. Nf5 Rd7 34. Rb8+ Kf7 35. g4 Bc2 36. Rh8 Bxf5 37. gxf5 Kg7 38. Rc8 Rd5 39. Rc7 Kf8 40. Ne4 Rxf5 41. Rc8+ Kf7 42. Rc7 Rd5 43. h4 Ke6 44. Ke3 f5 45. Ng5+ Bxg5+ 46. hxg5 b3 47. Rxh7 c4 48. Rb7 Rd7 49. Rb4 Rd1 50. Ke2 Rc1 51. f4 Rc2+ 52. Kd1 Rf2 53. Kc1 Rxf4 54. Kb2 Rf2+ 55. Kb1 Kf7 56. Rb6 Kg7 57. Rb4 Rc2 58. Rb6 f4 0-1

[Event "Stuttgart-chA int"]
[Site "Ditzingen"]
[Date "2006.05.26"]
[Round "3"]
[White "Jehle, Anja"]
[Black "Hubel, Hans Martin"]
[Result "0-1"]
[WhiteElo "1834"]
[BlackElo "1978"]
[PlyCount "78"]
[EventDate "2006.05.25"]
[EventType "swiss"]
[EventRounds "7"]
[EventCountry "GER"]
[SourceTitle "EXT 2018"]
[Source "ChessBase"]
[SourceDate "2017.10.13"]
[SourceVersion "1"]
[SourceVersionDate "2017.10.13"]
[SourceQuality "1"]

1. d4 c5 2. d5 d6 3. c4 g6 4. Nc3 Bg7 5. e4 Nf6 6. f3 0-0 7. Be3 Nfd7 8. Qd2 Ne5 9. h3 f5 10. f4 Nf7 11. exf5 Bxf5 12. g4 Bd7 13. 0-0-0 Na6 14. Nge2 Qa5 15. Kb1 Rab8 16. Nc1 Bxc3 17. bxc3 b5 18. Nb3 bxc4 19. Bxc4 Qa4 20. Qe2 Bb5 21. Bxb5 Rxb5 22. c4 Rxb3+ 23. axb3 Rb8 24. Rd3 Qxc4 25. Qd1 Qe4 26. Kb2 Nb4 27. Rd2 Qxe3 28. Rf1 c4 29. Re2 c3+ 30. Ka1 Qb6 31. Rfe1 Qa5+ 32. Kb1 c2+ 33. Rxc2 Nxc2 34. Kxc2 Qa2+ 35. Kc3 Rc8+ 36. Kd3 Qb2 37. Rxe7 Rc3+ 38. Ke4 Rxb3 39. Rxa7 Ng5+ 0-1

[Event "Stuttgart-chA int"]
[Site "Ditzingen"]
[Date "2006.05.26"]
[Round "4"]
[White "Rieder, Josef"]
[Black "Jehle, Anja"]
[Result "0-1"]
[WhiteElo "1961"]
[BlackElo "1834"]
[PlyCount "62"]
[EventDate "2006.05.25"]
[EventType "swiss"]
[EventRounds "7"]
[EventCountry "GER"]
[SourceTitle "EXT 2018"]
[Source "ChessBase"]
[SourceDate "2017.10.13"]
[SourceVersion "1"]
[SourceVersionDate "2017.10.13"]
[SourceQuality "1"]

1. e4 c5 2. Nf3 d6 3. d4 cxd4 4. Nxd4 Nf6 5. Nc3 a6 6. Be2 e5 7. Nb3 Be6 8. Bg5 Nbd7 9. 0-0 Be7 10. Kh1 h6 11. Bh4 g5 12. Bg3 Qc7 13. f3 0-0-0 14. Nd5 Bxd5 15. exd5 h5 16. Bf2 Rdg8 17. Qd2 g4 18. c4 e4 19. Qe3 gxf3 20. gxf3 exf3 21. Bxf3 Ne5 22. Be2 Nfg4 23. Qa7 Nxf2+ 24. Rxf2 Bh4 25. Rg2 Rxg2 26. Kxg2 Rg8+ 27. Kh1 Ng4 28. Qa8+ Qb8 29. Qxb8+ Kxb8 30. h3 Nf2+ 31. Kh2 Bf6 0-1

[Event "GER-chT U20 Girls"]
[Site "Naunhof"]
[Date "2005.12.27"]
[Round "2.2"]
[White "Jehle, Anja"]
[Black "Reiske, Anne"]
[Result "0-1"]
[WhiteElo "1821"]
[BlackElo "1723"]
[PlyCount "102"]
[EventDate "2005.12.27"]
[EventType "team-swiss"]
[EventRounds "7"]
[EventCountry "GER"]
[SourceTitle "CBM 110 Extra"]
[Source "ChessBase"]
[SourceDate "2006.03.10"]
[SourceVersion "2"]
[SourceVersionDate "2006.03.10"]
[SourceQuality "1"]

1. d4 d5 2. c4 e6 3. Nc3 Nf6 4. Bg5 Nbd7 5. Nf3 Be7 6. e3 b6 7. Bd3 Bb7 8. cxd5 Bxd5 9. Nxd5 Nxd5 10. Bxe7 Qxe7 11. 0-0 0-0 12. a3 h6 13. b4 Rad8 14. Qb3 c5 15. bxc5 bxc5 16. Rfc1 cxd4 17. Nxd4 Rb8 18. Qd1 Qf6 19. Bb5 Ne5 20. e4 Nf4 21. g3 Nh3+ 22. Kg2 Nxf2 23. Qe2 Neg4 24. Nc6 Rxb5 25. e5 Nxe5 26. Nxe5 Rxe5 27. Qxf2 Qxf2+ 28. Kxf2 Rb8 29. Rc2 Rb3 30. a4 Ra5 31. Rc4 Rb2+ 32. Kg1 Rd5 33. Rc8+ Kh7 34. Rc7 a5 35. Rxf7 Kg6 36. Rf3 Rb4 37. Re3 e5 38. Ra2 Kf6 39. Kg2 Rdd4 40. Rea3 Ke6 41. Kf3 g5 42. h3 h5 43. Ke3 Kd5 44. Ra1 Re4+ 45. Kf3 g4+ 46. hxg4 hxg4+ 47. Kf2 Rb2+ 48. Kf1 Rd4 49. Re1 e4 50. Rea1 Rd3 51. Ke1 Kd4 0-1

[Event "Hockenheim 6 Countries U20 Girls"]
[Site "Hockenheim"]
[Date "2005.10.03"]
[Round "5"]
[White "Adamowicz, Katarzyna"]
[Black "Jehle, Anja"]
[Result "1/2-1/2"]
[WhiteElo "1856"]
[BlackElo "1855"]
[PlyCount "96"]
[EventDate "2005.09.01"]
[EventType "team"]
[EventRounds "5"]
[EventCountry "GER"]
[SourceTitle "EXT 2007"]
[Source "ChessBase"]
[SourceDate "2006.11.23"]
[SourceVersion "1"]
[SourceVersionDate "2006.11.23"]
[SourceQuality "1"]

1. e4 c5 2. Nf3 d6 3. d4 cxd4 4. Nxd4 Nf6 5. Nc3 e6 6. Be2 a6 7. 0-0 Be7 8. Be3 Qc7 9. Qd2 Nbd7 10. Nb3 b5 11. a3 Bb7 12. f3 d5 13. exd5 Nxd5 14. Nxd5 Bxd5 15. Bf4 Qb6+ 16. Kh1 Rc8 17. Bd3 Nf6 18. Bg3 0-0 19. Rfe1 Rfd8 20. Rad1 Rd7 21. Qf2 Qd8 22. Qe3 Bxb3 23. cxb3 Bc5 24. Qe2 Nh5 25. Be5 f6 26. Bg3 Nxg3+ 27. hxg3 Rd6 28. b4 Bd4 29. Bb1 f5 30. f4 Qf6 31. Qh5 Rcd8 32. Ba2 g6 33. Qf3 Kf8 34. Rc1 Qg7 35. g4 Qh6+ 36. Qh3 Qxh3+ 37. gxh3 Ke7 38. Rc2 Kd7 39. Rce2 Re8 40. Kg2 Re7 41. Kf3 Bb6 42. Kg3 Rd3+ 43. Kg2 Bc7 44. Bxe6+ Kd8 45. Rc2 Rd6 46. Rce2 Rd3 47. Rc2 Rd6 48. Rce2 Rd3 1/2-1/2

[Event "Hockenheim 6 Countries U20 Girls"]
[Site "Hockenheim"]
[Date "2005.10.02"]
[Round "3"]
[White "Jehle, Anja"]
[Black "Laake, Jasmin Maria"]
[Result "1-0"]
[WhiteElo "1855"]
[BlackElo "1974"]
[PlyCount "89"]
[EventDate "2005.09.01"]
[EventType "team"]
[EventRounds "5"]
[EventCountry "GER"]
[SourceTitle "EXT 2007"]
[Source "ChessBase"]
[SourceDate "2006.11.23"]
[SourceVersion "1"]
[SourceVersionDate "2006.11.23"]
[SourceQuality "1"]

1. d4 Nf6 2. c4 g6 3. Nc3 Bg7 4. e4 d6 5. f3 0-0 6. Be3 c5 7. Nge2 Qa5 8. Qd2 a6 9. Ng3 Bd7 10. a4 Nc6 11. d5 Nb4 12. Be2 b5 13. 0-0 bxc4 14. Bxc4 Rfb8 15. b3 Be8 16. Rac1 Nd7 17. f4 Nb6 18. Nce2 Nxc4 19. Rxc4 Qd8 20. f5 a5 21. fxg6 hxg6 22. Bh6 Bh8 23. h4 Na6 24. Rf3 Bd7 25. Qf4 Qe8 26. h5 Bf6 27. hxg6 fxg6 28. Bg5 Bxg5 29. Qxg5 Nc7 30. Nf4 Kg7 31. Nxg6 Qxg6 32. Qxe7+ Kh8 33. Qxd7 Na6 34. Nf5 Rd8 35. Rh3+ Kg8 36. Qxd8+ Rxd8 37. Ne7+ Kg7 38. Nxg6 Kxg6 39. Rcc3 Re8 40. Rcg3+ Kf6 41. Rh6+ Ke5 42. Rg4 Nb4 43. Kf2 Nd3+ 44. Ke3 Nc1 45. Rg5# 1-0

[Event "GER-ch U16 Girls"]
[Site "Willingen"]
[Date "2005.05.19"]
[Round "8"]
[White "Jehle, Anja"]
[Black "Laake, Jasmin Maria"]
[Result "0-1"]
[WhiteElo "1721"]
[BlackElo "1941"]
[PlyCount "51"]
[EventDate "2005.05.14"]
[EventType "swiss"]
[EventRounds "9"]
[EventCountry "GER"]
[SourceTitle "CBM 106 Extra"]
[Source "ChessBase"]
[SourceDate "2005.07.01"]
[SourceVersion "1"]
[SourceVersionDate "2005.07.01"]
[SourceQuality "1"]

1. d4 Nf6 2. c4 g6 3. Nc3 Bg7 4. e4 d6 5. f3 0-0 6. Be3 e5 7. Nge2 Nh5 8. g4 Nf4 9. Nxf4 exf4 10. Bxf4 f5 11. gxf5 gxf5 12. Qd2 Nc6 13. Rg1 Kh8 14. Ne2 Qh4+ 15. Bg3 Qf6 16. 0-0-0 fxe4 17. f4 Bg4 18. Bf2 Bxe2 19. Bxe2 Bh6 20. Be3 Bxf4 21. Rgf1 Bxe3 22. Qxe3 Qh4 23. h3 Ne7 24. d5 Nf5 25. Qc3+ Qf6 26. Qe3 0-1